Movies Quiz

Random Movies or Numbers Quiz

Romero's Dead Series Quiz Stats

 Plays Quiz Updated Jul 17, 2017

     
Support Sporcle.
Go Orange.
Score 0/6 Timer 02:00
1 Play Today
Year Movie % Correct
1968Night of the Living Dead
94.6%
1978Dawn of the Dead
90%
1985Day of the Dead
77.3%
2005Land of the Dead
50.4%
2008Diary of the Dead
45.4%
2009Survival of the Dead
30.5%

From the Vault

David Bowie Songs by Any Word

by Skelettfejset

Music 20m
"Nothing will keep us together. We can beat them for ever and ever. We can be heroes, just for one day."
Remove Ads.
Support Sporcle.
Get the best of Sporcle when you Go Orange. This ad-free experience offers more features, more stats, and more fun while also helping to support Sporcle. Thank you for becoming a member.

Show Comments

Extras

Top Quizzes Today


Score Distribution

Your Account Isn't Verified!

In order to create a playlist on Sporcle, you need to verify the email address you used during registration. Go to your Sporcle Settings to finish the process.

Report this User

Report this user for behavior that violates our Community Guidelines.

Details: